<?xml version="1.0" encoding="UTF-8"?>
<record
    xmlns:xsi="http://www.w3.org/2001/XMLSchema-instance"
    xsi:schemaLocation="http://www.loc.gov/MARC21/slim http://www.loc.gov/standards/marcxml/schema/MARC21slim.xsd"
    xmlns="http://www.loc.gov/MARC21/slim">

  <leader>02640cam a22004214a 4500</leader>
  <datafield tag="999" ind1=" " ind2=" ">
    <subfield code="c">6975</subfield>
    <subfield code="d">6975</subfield>
  </datafield>
  <controlfield tag="001">60515214</controlfield>
  <controlfield tag="003">OCoLC</controlfield>
  <controlfield tag="005">20190830161643.0</controlfield>
  <controlfield tag="008">050518s2006    enk      b    001 0 eng  </controlfield>
  <datafield tag="010" ind1=" " ind2=" ">
    <subfield code="a">2005014478</subfield>
  </datafield>
  <datafield tag="015" ind1=" " ind2=" ">
    <subfield code="a">GBA612702</subfield>
    <subfield code="2">bnb</subfield>
  </datafield>
  <datafield tag="020" ind1=" " ind2=" ">
    <subfield code="a">0754639142 (alk. paper)</subfield>
  </datafield>
  <datafield tag="020" ind1=" " ind2=" ">
    <subfield code="a">9780754639145 (alk. paper)</subfield>
  </datafield>
  <datafield tag="020" ind1=" " ind2=" ">
    <subfield code="a">0754639150 (pbk. : alk. paper)</subfield>
  </datafield>
  <datafield tag="020" ind1=" " ind2=" ">
    <subfield code="a">9780754639152 (pbk. : alk. paper)</subfield>
  </datafield>
  <datafield tag="035" ind1=" " ind2=" ">
    <subfield code="a">(OCoLC)60515214</subfield>
    <subfield code="z">(OCoLC)62891979</subfield>
  </datafield>
  <datafield tag="040" ind1=" " ind2=" ">
    <subfield code="a">DLC</subfield>
    <subfield code="b">eng</subfield>
    <subfield code="c">DLC</subfield>
    <subfield code="d">BAKER</subfield>
    <subfield code="d">BWKUK</subfield>
    <subfield code="d">UKM</subfield>
    <subfield code="d">COO</subfield>
    <subfield code="d">ITC</subfield>
    <subfield code="d">NLGGC</subfield>
    <subfield code="d">IG#</subfield>
    <subfield code="d">BTCTA</subfield>
    <subfield code="d">YDXCP</subfield>
    <subfield code="d">STF</subfield>
    <subfield code="d">EUM</subfield>
    <subfield code="d">GEBAY</subfield>
    <subfield code="d">UIA</subfield>
    <subfield code="d">OCLCQ</subfield>
    <subfield code="d">YUS</subfield>
    <subfield code="d">OCLCQ</subfield>
    <subfield code="d">DEBBG</subfield>
    <subfield code="d">DAY</subfield>
  </datafield>
  <datafield tag="042" ind1=" " ind2=" ">
    <subfield code="a">pcc</subfield>
  </datafield>
  <datafield tag="050" ind1="0" ind2="0">
    <subfield code="a">BR115.P74</subfield>
    <subfield code="b">W38 2006</subfield>
  </datafield>
  <datafield tag="082" ind1="0" ind2="0">
    <subfield code="a">248.4</subfield>
    <subfield code="2">22</subfield>
    <subfield code="b">H465b</subfield>
  </datafield>
  <datafield tag="100" ind1="1" ind2=" ">
    <subfield code="a">Heijkoop, H.L</subfield>
  </datafield>
  <datafield tag="245" ind1="1" ind2="0">
    <subfield code="a">Beginning with Christ</subfield>
    <subfield code="b">As Ye have therefore recieved Christ Jesus the Lord, so walk ye in HIM</subfield>
    <subfield code="c">Heijkoop, H.L</subfield>
  </datafield>
  <datafield tag="260" ind1=" " ind2=" ">
    <subfield code="a">Aldershot, Hants, England ;</subfield>
    <subfield code="a">Burlington, VT :</subfield>
    <subfield code="b">Ashgate Pub.,</subfield>
    <subfield code="c">2006.</subfield>
  </datafield>
  <datafield tag="300" ind1=" " ind2=" ">
    <subfield code="a">xi, 166 p. ;</subfield>
    <subfield code="c">24 cm.</subfield>
  </datafield>
  <datafield tag="490" ind1="1" ind2=" ">
    <subfield code="a">Ashgate science and religion series</subfield>
  </datafield>
  <datafield tag="504" ind1=" " ind2=" ">
    <subfield code="a">Includes bibliographical references (p. 151-157) and index.</subfield>
  </datafield>
  <datafield tag="505" ind1="0" ind2="0">
    <subfield code="t">Introduction --</subfield>
    <subfield code="t">The late modern landscape.</subfield>
    <subfield code="t">From providence to progress ;</subfield>
    <subfield code="t">From progress to process --</subfield>
    <subfield code="t">A postmodern world.</subfield>
    <subfield code="t">Nietzsche blinked ;</subfield>
    <subfield code="t">Postmodern attributes --</subfield>
    <subfield code="t">Postmodern technologies.</subfield>
    <subfield code="t">Technology and identity ;</subfield>
    <subfield code="t">Technology and finitude --</subfield>
    <subfield code="t">Postmodern theology.</subfield>
    <subfield code="t">Necessity and goodness ;</subfield>
    <subfield code="t">Virtual theology --</subfield>
    <subfield code="t">An alternative theological framework.</subfield>
    <subfield code="t">Creator, creation and creativity ;</subfield>
    <subfield code="t">Beginning with Christ-- --</subfield>
    <subfield code="t">Remaining creaturely.</subfield>
    <subfield code="t">--ending with Christ ;</subfield>
    <subfield code="t">Dominion ;</subfield>
    <subfield code="t">Christian technologies?</subfield>
  </datafield>
  <datafield tag="520" ind1=" " ind2=" ">
    <subfield code="a">In this volume the author critically examines and assesses the influence of technology on the formation of contemporary culture from the standpoint of Christian theological ethics.</subfield>
  </datafield>
  <datafield tag="650" ind1=" " ind2="0">
    <subfield code="a">Postmodernism</subfield>
    <subfield code="x">Religious aspects</subfield>
    <subfield code="x">Christianity.</subfield>
  </datafield>
  <datafield tag="650" ind1=" " ind2="0">
    <subfield code="a">Theological anthropology</subfield>
    <subfield code="x">Christianity.</subfield>
  </datafield>
  <datafield tag="650" ind1=" " ind2="0">
    <subfield code="a">Technology</subfield>
    <subfield code="x">Religious aspects</subfield>
    <subfield code="x">Christianity.</subfield>
  </datafield>
  <datafield tag="776" ind1="0" ind2="8">
    <subfield code="i">Online version:</subfield>
    <subfield code="a">Waters, Brent.</subfield>
    <subfield code="t">From human to posthuman.</subfield>
    <subfield code="d">Aldershot, Hants, England ; Burlington, VT : Ashgate Pub., 2006</subfield>
    <subfield code="w">(OCoLC)607763445</subfield>
  </datafield>
  <datafield tag="830" ind1=" " ind2="0">
    <subfield code="a">Ashgate science and religion series.</subfield>
  </datafield>
  <datafield tag="856" ind1="4" ind2="1">
    <subfield code="3">Table of contents</subfield>
    <subfield code="u">http://catdir.loc.gov/catdir/toc/ecip0513/2005014478.html</subfield>
  </datafield>
  <datafield tag="856" ind1="4" ind2="1">
    <subfield code="z">Available to Stanford-affiliated users at:</subfield>
    <subfield code="u">http://site.ebrary.com/lib/stanford/Doc?id=10211200</subfield>
  </datafield>
  <datafield tag="856" ind1=" " ind2=" ">
    <subfield code="u">http://bvbr.bib-bvb.de:8991/F?func=service&amp;doc_library=BVB01&amp;doc_number=014863295&amp;line_number=0001&amp;func_code=DB_RECORDS&amp;service_type=MEDIA</subfield>
    <subfield code="z">Table of contents</subfield>
  </datafield>
  <datafield tag="942" ind1=" " ind2=" ">
    <subfield code="2">ddc</subfield>
    <subfield code="c">BK</subfield>
  </datafield>
  <datafield tag="952" ind1=" " ind2=" ">
    <subfield code="0">0</subfield>
    <subfield code="1">0</subfield>
    <subfield code="2">ddc</subfield>
    <subfield code="4">0</subfield>
    <subfield code="7">0</subfield>
    <subfield code="8">NFIC</subfield>
    <subfield code="a">HMC</subfield>
    <subfield code="b">HMC</subfield>
    <subfield code="c">GEN</subfield>
    <subfield code="d">2019-01-21</subfield>
    <subfield code="g">250.00</subfield>
    <subfield code="l">0</subfield>
    <subfield code="o">248.4 H465b</subfield>
    <subfield code="p">007828</subfield>
    <subfield code="r">2019-01-21 00:00:00</subfield>
    <subfield code="w">2019-01-21</subfield>
    <subfield code="y">BK</subfield>
  </datafield>
</record>
